[Event "Bayern-ch op Seniors 26th"]
[Site "Bergen"]
[Date "2014.06.21"]
[Round "1"]
[White "Weyand, Fernand"]
[Black "Rueckleben, Hermann"]
[Result "0-1"]
[WhiteElo "1587"]
[BlackElo "1876"]
[PlyCount "54"]
[EventDate "2014.06.21"]
[EventType "swiss"]
[EventRounds "7"]
[EventCountry "GER"]
[SourceTitle "EXT 2018"]
[Source "ChessBase"]
[SourceDate "2017.10.13"]
[SourceVersion "1"]
[SourceVersionDate "2017.10.13"]
[SourceQuality "1"]

1. e4 g6 2. d4 Bg7 3. Be3 d6 4. Nc3 a6 5. a4 b6 6. Be2 Nd7 7. Qd2 Bb7 8. f4 e6 9. Nf3 Ngf6 10. Qd3 Rc8 11. 0-0 c5 12. d5 exd5 13. exd5 0-0 14. Rad1 Re8 15. Bf2 Ng4 16. Bh4 Qc7 17. Bf2 Ndf6 18. h3 Nxf2 19. Rxf2 Qe7 20. Re1 Ne4 21. Rff1 Nxc3 22. bxc3 Qe3+ 23. Qxe3 Rxe3 24. Bd3 Rxe1 25. Rxe1 c4 26. Be2 Bxc3 27. Rb1 Ba5 0-1

[Event "Bayern-ch Seniors 25th"]
[Site "Bergen"]
[Date "2013.06.22"]
[Round "9.5"]
[White "Achenbach, Manfred"]
[Black "Rueckleben, Hermann"]
[Result "1-0"]
[WhiteElo "2011"]
[BlackElo "1904"]
[PlyCount "63"]
[EventDate "2013.06.15"]
[EventType "swiss"]
[EventRounds "9"]
[EventCountry "GER"]
[SourceTitle "EXT 2022"]
[Source "ChessBase"]
[SourceDate "2021.10.06"]
[SourceVersion "1"]
[SourceVersionDate "2021.10.06"]
[SourceQuality "1"]

1. Nf3 g6 2. c4 Bg7 3. d4 d6 4. g3 Nd7 5. Bg2 e5 6. Nc3 Ne7 7. 0-0 0-0 8. dxe5 Nxe5 9. Nxe5 Bxe5 10. Bg5 c6 11. Rc1 f5 12. Qb3 Kg7 13. Rcd1 h6 14. Be3 Qc7 15. f4 Bf6 16. Qa3 Be6 17. Rxd6 Bxc4 18. Rfd1 Rad8 19. Rxd8 Rxd8 20. Rxd8 Qxd8 21. Qb4 Ba6 22. Bxa7 Qd2 23. h4 Nc8 24. Bf2 Bxc3 25. bxc3 Qxe2 26. Bd4+ Kf7 27. Qa5 Qe7 28. h5 Qd6 29. Bf3 Bc4 30. hxg6+ Kxg6 31. Bh5+ Kh7 32. Qxf5+ 1-0

[Event "Bayern-ch Seniors 25th"]
[Site "Bergen"]
[Date "2013.06.18"]
[Round "5.12"]
[White "Koenigl, Anton"]
[Black "Rueckleben, Hermann"]
[Result "0-1"]
[WhiteElo "1713"]
[BlackElo "1904"]
[PlyCount "90"]
[EventDate "2013.06.15"]
[EventType "swiss"]
[EventRounds "9"]
[EventCountry "GER"]
[SourceTitle "EXT 2022"]
[Source "ChessBase"]
[SourceDate "2021.10.06"]
[SourceVersion "1"]
[SourceVersionDate "2021.10.06"]
[SourceQuality "1"]

1. d4 g6 2. e4 Bg7 3. Nf3 d6 4. Bd3 Nd7 5. c3 e5 6. d5 Ne7 7. Be3 h6 8. Bc2 f5 9. exf5 gxf5 10. g3 Nf6 11. c4 Ng4 12. Bc1 c6 13. h3 Nf6 14. Nc3 cxd5 15. cxd5 Qa5 16. Bb3 Ne4 17. Bd2 Nxd2 18. Nxd2 0-0 19. 0-0 b5 20. a4 b4 21. Nc4 Qd8 22. Nb5 Rf6 23. Nxe5 dxe5 24. d6+ Kh8 25. dxe7 Qxe7 26. Rc1 Qf8 27. Bd5 Rb8 28. Nxa7 Ba6 29. Bc4 Rd6 30. Qe2 Bb7 31. Nb5 Rg6 32. Rfd1 h5 33. h4 Rg4 34. Bd5 Bxd5 35. Rxd5 f4 36. Kh2 Qf6 37. Nd6 f3 38. Qa6 Rxh4+ 39. Kg1 Rg4 40. Rxe5 Rf8 41. Rxh5+ Kg8 42. Rf5 Qxb2 43. Rxf8+ Bxf8 44. Qc8 Rxg3+ 45. Kh1 Qh8+ 0-1

[Event "Bayern-ch Seniors 25th"]
[Site "Bergen"]
[Date "2013.06.18"]
[Round "4.11"]
[White "Rueckleben, Hermann"]
[Black "Hansch, Klaus Michael"]
[Result "1/2-1/2"]
[WhiteElo "1904"]
[BlackElo "1714"]
[PlyCount "102"]
[EventDate "2013.06.15"]
[EventType "swiss"]
[EventRounds "9"]
[EventCountry "GER"]
[SourceTitle "EXT 2022"]
[Source "ChessBase"]
[SourceDate "2021.10.06"]
[SourceVersion "1"]
[SourceVersionDate "2021.10.06"]
[SourceQuality "1"]

1. c4 e6 2. Nf3 Nf6 3. g3 b6 4. Bg2 Bb7 5. 0-0 Be7 6. b3 0-0 7. Bb2 d5 8. d4 c5 9. cxd5 Bxd5 10. Nc3 Bc6 11. e3 Na6 12. Qe2 Nc7 13. Rfd1 Qc8 14. Rac1 Qa6 15. dxc5 Bxc5 16. Qc2 Qb7 17. Ne1 Bxg2 18. Nxg2 Rac8 19. Nf4 Ng4 20. Qe4 Qxe4 21. Nxe4 Nxe3 22. Rd3 Ned5 23. Nxc5 Nxf4 24. gxf4 bxc5 25. Rxc5 Nd5 26. Rxc8 Rxc8 27. Be5 Rc1+ 28. Kg2 f6 29. Bd6 g6 30. Kg3 Rc3 31. Rf3 Rc6 32. Bb8 a6 33. Rd3 Kf7 34. Ba7 Ke7 35. a3 Kd6 36. Bd4 Ke7 37. b4 Kd7 38. Bc5 Kc7 39. Kf3 f5 40. Kg3 Nf6 41. Kf3 Ne4 42. Bd4 Rc2 43. Kg2 Rd2 44. Rxd2 Nxd2 45. Kg3 Nc4 46. a4 Kd7 47. Kh4 Ke8 48. b5 axb5 49. axb5 Nd6 50. b6 Kf7 51. Be5 Nb7 1/2-1/2

[Event "Bayern-ch Seniors 25th"]
[Site "Bergen"]
[Date "2013.06.17"]
[Round "3.21"]
[White "Husser, Oskar"]
[Black "Rueckleben, Hermann"]
[Result "0-1"]
[WhiteElo "1636"]
[BlackElo "1904"]
[PlyCount "39"]
[EventDate "2013.06.15"]
[EventType "swiss"]
[EventRounds "9"]
[EventCountry "GER"]
[SourceTitle "EXT 2022"]
[Source "ChessBase"]
[SourceDate "2021.10.06"]
[SourceVersion "1"]
[SourceVersionDate "2021.10.06"]
[SourceQuality "1"]

1. Nf3 g6 2. g3 Bg7 3. Bg2 e5 4. d3 d5 5. 0-0 Ne7 6. Nbd2 0-0 7. c4 c6 8. cxd5 cxd5 9. e4 Nbc6 10. Qb3 d4 11. Nc4 Rb8 12. Bd2 b5 13. a4 bxc4 14. Qxc4 Rxb2 15. Qc5 Qb6 16. Qc1 Ba6 17. Ne1 Qb3 18. f4 exf4 19. gxf4 Nb4 20. f5 0-1

[Event "Baden-Baden Grenke op 1st"]
[Site "Baden-Baden"]
[Date "2013.02.08"]
[Round "2"]
[White "Rueckleben, Hermann"]
[Black "Agrest, Inna"]
[Result "0-1"]
[WhiteElo "2021"]
[BlackElo "2174"]
[PlyCount "88"]
[EventDate "2013.02.07"]
[EventType "swiss"]
[EventRounds "9"]
[EventCountry "GER"]
[SourceTitle "CBM 152 Extra"]
[Source "ChessBase"]
[SourceDate "2013.02.25"]
[SourceVersion "1"]
[SourceVersionDate "2013.02.25"]
[SourceQuality "1"]

1. c4 g6 2. g3 Bg7 3. Bg2 d6 4. Nc3 Nf6 5. e4 0-0 6. Nge2 e5 7. 0-0 Nc6 8. d3 Nd7 9. Be3 Nc5 10. Nd5 a5 11. Qd2 Nd4 12. h3 c6 13. Ndc3 f5 14. f4 Be6 15. b3 Qd7 16. Kh2 Rad8 17. Rad1 b6 18. Bg1 Nxe2 19. Nxe2 Qc7 20. Qc2 Rf7 21. Be3 Bc8 22. Nc3 Ne6 23. Ne2 Bb7 24. d4 fxe4 25. dxe5 dxe5 26. Bxe4 Nd4 27. Bxd4 exd4 28. f5 Rdf8 29. Nf4 gxf5 30. Ne6 Qe5 31. Nxf8 fxe4 32. Rxf7 Kxf7 33. Qf2+ Kg8 34. Rf1 Qe8 35. Nxh7 Kxh7 36. Qf5+ Kg8 37. Rf4 c5 38. Rh4 Qf7 39. Qh7+ Kf8 40. Rf4 Bf6 41. Qf5 Ke7 42. g4 Qg7 43. Kg1 e3 44. Rf1 Be5 0-1

[Event "Baden-ch Seniors"]
[Site "Emmendingen"]
[Date "2012.06.08"]
[Round "7"]
[White "Rueckleben, Hermann"]
[Black "Wulf, Adalbert"]
[Result "1/2-1/2"]
[WhiteElo "2042"]
[BlackElo "1933"]
[PlyCount "62"]
[EventDate "2012.06.02"]
[EventType "swiss"]
[EventRounds "9"]
[EventCountry "GER"]
[SourceTitle "CBM 148 Extra"]
[Source "ChessBase"]
[SourceDate "2012.06.22"]
[SourceVersion "1"]
[SourceVersionDate "2012.06.22"]
[SourceQuality "1"]

1. c4 Nf6 2. g3 c6 3. Nf3 d5 4. b3 Bg4 5. Bb2 e6 6. Bg2 Bd6 7. d4 Nbd7 8. 0-0 Qc7 9. Nc3 0-0 10. Rc1 a6 11. Re1 Qa5 12. h3 Bh5 13. g4 Bg6 14. Nh4 dxc4 15. Nxg6 hxg6 16. bxc4 Qg5 17. e3 Rad8 18. f4 Qh4 19. Qf3 g5 20. Rf1 gxf4 21. exf4 Bb8 22. Rcd1 Nb6 23. c5 Nbd5 24. Bc1 g6 25. Bd2 Nxc3 26. Bxc3 Nd5 27. Be1 Qf6 28. Bg3 Rd7 29. f5 Bxg3 30. Qxg3 exf5 31. gxf5 Kg7 1/2-1/2

[Event "Bad Woerishofen Seniors op 28th"]
[Site "Bad Woerishofen"]
[Date "2012.03.07"]
[Round "6.18"]
[White "Goris Schouwstra, Adry"]
[Black "Rueckleben, Hermann"]
[Result "1-0"]
[WhiteElo "1999"]
[BlackElo "1919"]
[PlyCount "37"]
[EventDate "2012.03.02"]
[EventType "swiss"]
[EventRounds "9"]
[EventCountry "GER"]
[SourceTitle "EXT 2022"]
[Source "ChessBase"]
[SourceDate "2021.10.06"]
[SourceVersion "1"]
[SourceVersionDate "2021.10.06"]
[SourceQuality "1"]

1. d4 g6 2. c4 Bg7 3. Nc3 d6 4. e4 e5 5. Nf3 Bg4 6. d5 a5 7. Be2 Bxf3 8. Bxf3 Bh6 9. Bxh6 Nxh6 10. Qd2 Ng8 11. 0-0 h6 12. g3 Qg5 13. Qxg5 hxg5 14. Bg2 Ke7 15. Rab1 b6 16. b4 axb4 17. Rxb4 Na6 18. Ra4 Nc5 19. Rxa8 1-0

[Event "Bad Woerishofen Seniors op 28th"]
[Site "Bad Woerishofen"]
[Date "2012.03.04"]
[Round "3.5"]
[White "Lainburg, Victor"]
[Black "Rueckleben, Hermann"]
[Result "1/2-1/2"]
[WhiteElo "2041"]
[BlackElo "1919"]
[PlyCount "28"]
[EventDate "2012.03.02"]
[EventType "swiss"]
[EventRounds "9"]
[EventCountry "GER"]
[SourceTitle "EXT 2022"]
[Source "ChessBase"]
[SourceDate "2021.10.06"]
[SourceVersion "1"]
[SourceVersionDate "2021.10.06"]
[SourceQuality "1"]

1. b3 e5 2. Bb2 Nc6 3. e3 d6 4. c4 g6 5. d3 Bg7 6. Nf3 f5 7. Be2 Nf6 8. 0-0 0-0 9. Nc3 h6 10. a3 Be6 11. b4 a6 12. d4 exd4 13. Nxd4 Nxd4 14. Qxd4 Qe7 1/2-1/2

[Event "Niedersachsen-ch Seniors op 14th"]
[Site "Bad Bevensen"]
[Date "2011.07.12"]
[Round "8"]
[White "Rueckleben, Hermann"]
[Black "Eidelmann, Vova"]
[Result "1-0"]
[WhiteElo "1880"]
[BlackElo "1909"]
[PlyCount "105"]
[EventDate "2011.07.05"]
[EventType "swiss"]
[EventRounds "9"]
[EventCountry "GER"]
[SourceTitle "EXT 2012"]
[Source "ChessBase"]
[SourceDate "2011.11.24"]
[SourceVersion "1"]
[SourceVersionDate "2011.11.24"]
[SourceQuality "1"]

1. c4 e6 2. Nf3 Nf6 3. b3 b6 4. g3 Bb7 5. Bg2 d5 6. Bb2 Nbd7 7. 0-0 Bd6 8. Nc3 c5 9. cxd5 exd5 10. d4 0-0 11. Re1 Re8 12. e3 Rc8 13. Rc1 h6 14. h3 a6 15. Kh2 Nf8 16. Ne5 Ne6 17. f4 cxd4 18. exd4 Bb4 19. Re3 Bxc3 20. Rexc3 Rxc3 21. Bxc3 Qd6 22. Be1 Qa3 23. Rc2 Qd6 24. Bc3 Rc8 25. Bb2 Rxc2 26. Qxc2 Ne8 27. Qc1 b5 28. Nd3 a5 29. Nc5 Bc6 30. a3 Nxc5 31. dxc5 Qe7 32. Bd4 Qe2 33. Qe3 Qxe3 34. Bxe3 f5 35. Bd4 Kf7 36. Be5 Ke6 37. Kg1 g5 38. Kf2 h5 39. h4 g4 40. b4 axb4 41. axb4 Nf6 42. Bxf6 Kxf6 43. Ke2 Ke6 44. Kd3 Bb7 45. Bh1 Ba8 46. Kd4 Bc6 47. Bg2 Ba8 48. c6 Bxc6 49. Kc5 Ba8 50. Bf1 Ke7 51. Bxb5 Bb7 52. Bd3 Kf6 53. Bc2 1-0

[Event "Niedersachsen-ch Seniors op 14th"]
[Site "Bad Bevensen"]
[Date "2011.07.11"]
[Round "7"]
[White "Zunker, Reinhard"]
[Black "Rueckleben, Hermann"]
[Result "1/2-1/2"]
[WhiteElo "2024"]
[BlackElo "1880"]
[PlyCount "40"]
[EventDate "2011.07.05"]
[EventType "swiss"]
[EventRounds "9"]
[EventCountry "GER"]
[SourceTitle "EXT 2012"]
[Source "ChessBase"]
[SourceDate "2011.11.24"]
[SourceVersion "1"]
[SourceVersionDate "2011.11.24"]
[SourceQuality "1"]

1. e4 g6 2. d4 Bg7 3. Nc3 d6 4. Nf3 a6 5. a4 b6 6. Bc4 e6 7. 0-0 Ne7 8. Be3 Bb7 9. d5 e5 10. Qd2 h6 11. Ne1 g5 12. g3 Ng6 13. Be2 Bc8 14. Ng2 Bh3 15. Bh5 Nd7 16. Rfe1 0-0 17. Qd3 Nf6 18. Be2 Nh7 19. g4 Bxg2 20. Kxg2 Nf4+ 1/2-1/2

[Event "Baden-ch Seniors"]
[Site "Haslach im Kinzigtal"]
[Date "2010.06.01"]
[Round "4"]
[White "Rueckleben, Hermann"]
[Black "Buth, Lothar"]
[Result "1-0"]
[WhiteElo "2015"]
[BlackElo "1968"]
[PlyCount "83"]
[EventDate "2010.05.29"]
[EventType "swiss"]
[EventRounds "9"]
[EventCountry "GER"]
[SourceTitle "EXT 2011"]
[Source "ChessBase"]
[SourceDate "2010.11.26"]
[SourceVersion "1"]
[SourceVersionDate "2010.11.26"]
[SourceQuality "1"]

1. c4 f5 2. Nc3 Nf6 3. g3 e6 4. Bg2 Be7 5. d3 0-0 6. e4 d6 7. Nge2 a5 8. 0-0 c6 9. h3 Na6 10. Be3 Kh8 11. Kh2 Qc7 12. Rc1 Bd7 13. d4 Be8 14. Nf4 Qd7 15. d5 cxd5 16. cxd5 exd5 17. Nfxd5 Bd8 18. exf5 Qxf5 19. Nxf6 Bxf6 20. Bxb7 Bd7 21. g4 Qe5+ 22. Kg1 Nb4 23. Bxa8 Rxa8 24. a3 Bc6 25. Qd2 Nd5 26. Nxd5 Bxd5 27. Bf4 Qe4 28. f3 Qd4+ 29. Qxd4 Bxd4+ 30. Kg2 Bxb2 31. Rc7 Bxa3 32. Re1 h6 33. Ree7 Rf8 34. Kg3 Bb2 35. Re3 Rxf4 36. Kxf4 a4 37. Rd3 Be5+ 38. Kf5 Bb3 39. f4 Bf6 40. Rxd6 a3 41. Ra7 a2 42. Rda6 1-0

[Event "Bad Bevensen Seniors op 12th"]
[Site "Bad Bevensen"]
[Date "2009.07.12"]
[Round "6"]
[White "Roever, Ludwig"]
[Black "Rueckleben, Hermann"]
[Result "1-0"]
[WhiteElo "1632"]
[BlackElo "1856"]
[PlyCount "35"]
[EventDate "2009.07.07"]
[EventType "swiss"]
[EventRounds "9"]
[EventCountry "GER"]
[SourceTitle "EXT 2022"]
[Source "ChessBase"]
[SourceDate "2021.10.06"]
[SourceVersion "1"]
[SourceVersionDate "2021.10.06"]
[SourceQuality "1"]

1. Nf3 g6 2. g3 Bg7 3. Bg2 e5 4. d3 d5 5. 0-0 Ne7 6. e4 c6 7. Nbd2 0-0 8. c3 h6 9. Re1 Qc7 10. Qc2 dxe4 11. dxe4 Be6 12. a4 a5 13. b3 Na6 14. Re3 Qd6 15. Nh4 Nc5 16. Bf1 Nxb3 17. Nxb3 Bxb3 18. Qxb3 1-0

[Event "Baden-ch Seniors"]
[Site "Badenweiler"]
[Date "2009.06.05"]
[Round "6"]
[White "Rueckleben, Hermann"]
[Black "Duerr, Hanno"]
[Result "0-1"]
[WhiteElo "2066"]
[BlackElo "1944"]
[PlyCount "100"]
[EventDate "2009.06.01"]
[EventType "swiss"]
[EventRounds "9"]
[EventCountry "GER"]
[SourceTitle "EXT 2010"]
[Source "ChessBase"]
[SourceDate "2010.11.25"]
[SourceVersion "1"]
[SourceVersionDate "2010.11.25"]
[SourceQuality "1"]

1. c4 c5 2. g3 Nf6 3. Bg2 Nc6 4. Nc3 g6 5. a3 Bg7 6. Rb1 0-0 7. b4 d6 8. b5 Ne5 9. d3 Rb8 10. Bd2 b6 11. f4 Ned7 12. e4 e6 13. Nf3 Ne8 14. 0-0 Bb7 15. Qe2 Nc7 16. Ne1 f5 17. Nc2 Qe8 18. Rbe1 Qf7 19. Ne3 Bd4 20. Kh1 Qg7 21. Ncd1 Rbe8 22. Nc2 Bf6 23. Nde3 Kh8 24. a4 Rg8 25. g4 Bh4 26. Rc1 h6 27. Ne1 Kh7 28. Nf3 Bd8 29. Bc3 Qf7 30. g5 h5 31. Nd1 Be7 32. Nb2 Bf8 33. e5 d5 34. d4 dxc4 35. Nxc4 Nd5 36. Bd2 cxd4 37. Nxd4 Nc5 38. a5 Rd8 39. Kg1 Qd7 40. a6 Ba8 41. Nf3 Qxb5 42. Nh4 Nb3 43. Rb1 Qc5+ 44. Kh1 Nxd2 45. Nxd2 Nc3 46. Nb3 Nxe2 47. Nxc5 bxc5 48. Rb2 Bxg2+ 49. Kxg2 Nc3 50. Nf3 Ne4 0-1

[Event "Baden-ch Seniors"]
[Site "Badenweiler"]
[Date "2009.06.05"]
[Round "5"]
[White "Schwarz, Rolf1111"]
[Black "Rueckleben, Hermann"]
[Result "0-1"]
[WhiteElo "1866"]
[BlackElo "2066"]
[PlyCount "95"]
[EventDate "2009.06.01"]
[EventType "swiss"]
[EventRounds "9"]
[EventCountry "GER"]
[SourceTitle "EXT 2010"]
[Source "ChessBase"]
[SourceDate "2010.11.25"]
[SourceVersion "1"]
[SourceVersionDate "2010.11.25"]
[SourceQuality "1"]

1. d4 g6 2. c3 Bg7 3. Qc2 b6 4. e4 d5 5. exd5 Qxd5 6. Be2 Bf5 7. Qa4+ c6 8. Qb3 Nf6 9. Bf3 Be4 10. Qxd5 cxd5 11. Bf4 Nbd7 12. Nd2 Bxf3 13. Ngxf3 Rc8 14. 0-0 Nh5 15. Be3 0-0 16. Rfe1 e6 17. g4 Nhf6 18. h3 Rc6 19. Ne5 Nxe5 20. dxe5 Nd7 21. f4 Rfc8 22. Nb3 a6 23. Bd2 Nc5 24. Nd4 R6c7 25. Re3 Bh6 26. Rf3 b5 27. Be1 Bg7 28. Rd1 Na4 29. Rf2 Bf8 30. Re2 Nc5 31. f5 Re8 32. fxe6 fxe6 33. Kg2 Ne4 34. Nf3 Bg7 35. Nd2 Nc5 36. Nf3 Bf8 37. Re3 Ne4 38. Nd2 Bh6 39. Nxe4 Bxe3 40. Nf6+ Kf7 41. Nxe8 Kxe8 42. Rd3 Bh6 43. a3 Rc4 44. Rd4 Bc1 45. b3 Rxd4 46. cxd4 Bxa3 47. Bc3 h5 48. Ba1 0-1

[Event "Baden-ch Seniors"]
[Site "Badenweiler"]
[Date "2009.06.02"]
[Round "2"]
[White "Rueckleben, Hermann"]
[Black "Scholtyssek, Werner"]
[Result "1-0"]
[WhiteElo "2066"]
[BlackElo "1645"]
[PlyCount "75"]
[EventDate "2009.06.01"]
[EventType "swiss"]
[EventRounds "9"]
[EventCountry "GER"]
[SourceTitle "EXT 2010"]
[Source "ChessBase"]
[SourceDate "2010.11.25"]
[SourceVersion "1"]
[SourceVersionDate "2010.11.25"]
[SourceQuality "1"]

1. c4 g6 2. g3 Bg7 3. Bg2 Nc6 4. Nc3 e6 5. e4 Nge7 6. Nge2 Nd4 7. Nxd4 Bxd4 8. 0-0 c5 9. Nb5 d6 10. Nxd4 cxd4 11. d3 Nc6 12. Bh6 Bd7 13. Qd2 e5 14. b4 Qe7 15. b5 Nd8 16. f4 Rg8 17. f5 gxf5 18. exf5 f6 19. Qe2 Nf7 20. Qh5 0-0-0 21. Bd2 Rg7 22. Qf3 Be8 23. h4 Qc7 24. a4 Rd7 25. a5 Qb8 26. Kh2 Rc7 27. Qd5 Re7 28. Rfc1 Bd7 29. c5 Kd8 30. Bb4 Bc8 31. cxd6 Rd7 32. b6 axb6 33. Qe6 Nxd6 34. Qxf6+ Rge7 35. axb6 Ke8 36. Bf3 Nf7 37. Bh5 e4 38. Qh8# 1-0

[Event "Baden-ch Seniors"]
[Site "Badenweiler"]
[Date "2009.06.01"]
[Round "1"]
[White "Buerger, Rudolph"]
[Black "Rueckleben, Hermann"]
[Result "0-1"]
[WhiteElo "1766"]
[BlackElo "2066"]
[PlyCount "48"]
[EventDate "2009.06.01"]
[EventType "swiss"]
[EventRounds "9"]
[EventCountry "GER"]
[SourceTitle "EXT 2010"]
[Source "ChessBase"]
[SourceDate "2010.11.25"]
[SourceVersion "1"]
[SourceVersionDate "2010.11.25"]
[SourceQuality "1"]

1. c4 e5 2. Nc3 g6 3. Nf3 Bg7 4. d4 d6 5. dxe5 dxe5 6. Qxd8+ Kxd8 7. Ng5 Nh6 8. Nge4 Be6 9. Bg5+ Kc8 10. e3 Nd7 11. Nd5 Bxd5 12. cxd5 f6 13. Bxh6 Bxh6 14. Bb5 Nb6 15. Rc1 Rf8 16. d6 c6 17. Ke2 Nd7 18. Rhd1 f5 19. Nd2 Kd8 20. Ba4 Nb6 21. Bb3 Kd7 22. Nf3 Rfe8 23. Rc5 Bg7 24. Rd2 h6 0-1